[Event "Politiken"]
[Site "Copenhagen DEN"]
[Date "1996.06.23"]
[Round "2"]
[White "Tukmakov, V"]
[Black "Christensen, To"]
[Result "1-0"]
[WhiteElo "2595"]
[BlackElo "2405"]

1. d4 Nf6 2. Nf3 g6 3. c4 Bg7 4. Nc3 O-O 5. e4 d6 6. Be2 e5 7. O-O Nc6 8.
d5 Ne7 9. b4 Nh5 10. Re1 a5 11. bxa5 Rxa5 12. Nd2 Nf4 13. Bf1 c5 14. Rb1
Ra6 15. Rb3 h6 16. g3 Nh5 17. Be2 Nf6 18. Nf3 Nh7 19. Bd2 f5 20. Qb1 f4 21.
gxf4 exf4 22. e5 dxe5 23. Ne4 b6 24. Bc3 Rf5 25. Qb2 g5 26. Nxe5 Bxe5 27.
Bxe5 g4 28. Bh8 Qf8 29. Bxg4 Rf7 30. Bxc8 Qxc8 31. Kh1 Ng5 32. Nd6 Qg4 33.
Nxf7 1-0

[Event "Politiken"]
[Site "Copenhagen DEN"]
[Date "1996.06.23"]
[Round "2"]
[White "Hansen, Cu"]
[Black "Arduman, C"]
[Result "1-0"]
[WhiteElo "2615"]
[BlackElo "2410"]

1. d4 Nf6 2. c4 g6 3. g3 Bg7 4. Bg2 O-O 5. Nc3 d6 6. Nf3 Nbd7 7. O-O e5 8.
e4 a6 9. d5 b5 10. cxb5 axb5 11. b4 Nb6 12. Qe2 Bd7 13. Bg5 Qb8 14. Rfc1 h6
15. Bxf6 Bxf6 16. Bf1 Ra3 17. Qb2 Qa7 18. Nd2 Bg5 19. h4 Bxd2 20. Qxd2 Kg7
21. Bxb5 Rb8 22. Kg2 Qb7 23. Bxd7 Nxd7 24. Rab1 Rba8 25. Qe2 Nf6 26. Rc2
Ne8 27. Rbb2 R8a6 28. h5 g5 29. Nd1 Rb6 30. Rc4 Ra4 31. Qd2 Nf6 32. Ne3
Nxh5 33. Qd1 Raxb4 34. Rcxb4 Rxb4 35. Rxb4 Qxb4 36. Nf5+ Kf8 37. Qxh5 Ke8
38. Qxh6 1-0

[Event "Politiken"]
[Site "Copenhagen DEN"]
[Date "1996.06.23"]
[Round "2"]
[White "Matthiesen, A"]
[Black "Hellstrom, A"]
[Result "1-0"]
[WhiteElo "2255"]
[BlackElo "2245"]

1. d4 d5 2. c4 e6 3. Nc3 c6 4. Nf3 dxc4 5. e3 b5 6. a4 Bb4 7. Bd2 a5 8.
axb5 Bxc3 9. Bxc3 cxb5 10. b3 Bb7 11. bxc4 b4 12. Bb2 Nf6 13. Bd3 O-O 14.
O-O Nbd7 15. c5 Bc6 16. Bc2 Qc7 17. Ba4 Bxa4 18. Rxa4 Rfd8 19. Qe2 e5 20.
Rfa1 exd4 21. exd4 Re8 22. Qb5 Reb8 23. Qd3 Rd8 24. Qb3 Ra7 25. Qa2 Rda8
26. h3 Qc6 27. Bc1 Nd5 28. Bd2 N7f6 29. Ne5 Qe6 30. Re1 h6 31. f3 Ra6 32.
Nc4 Qc6 33. Qb3 Qb5 34. Nd6 Qc6 35. Re5 R6a7 36. Nc4 Qb5 37. g4 Qc6 38. Kf2
Nd7 39. Re1 N7f6 40. Rea1 Qb5 41. h4 Qb8 42. Nd6 Qc7 43. g5 Nb6 44. gxf6
Nxa4 45. Rg1 Nxc5 46. Rxg7+ Kh8 47. Qb1 1-0

[Event "Politiken"]
[Site "Copenhagen DEN"]
[Date "1996.06.23"]
[Round "2"]
[White "Emms, J"]
[Black "Nedberg, B"]
[Result "1-0"]
[WhiteElo "2500"]
[BlackElo "2100"]

1. e4 e6 2. d4 d5 3. Nd2 Nf6 4. Bd3 c5 5. e5 Nfd7 6. c3 Nc6 7. Ne2 cxd4 8.
cxd4 f6 9. exf6 Nxf6 10. Nf3 Bb4+ 11. Bd2 Bd6 12. O-O O-O 13. Bf4 Bxf4 14.
Nxf4 Ne4 15. g3 Ng5 16. Ne5 Nxe5 17. dxe5 Rxf4 18. gxf4 Nh3+ 19. Kh1 Qh4
20. Qa4 Qh5 21. Be2 Qf7 22. f5 Ng5 23. Rg1 Nh3 24. Rg2 exf5 25. f4 g5 26.
fxg5 f4 27. Bf3 Be6 28. Rc1 Kh8 29. Qd4 Rg8 30. Rc3 Nxg5 31. Bxd5 f3 32.
Bxf3 Nxf3 33. Rxg8+ Qxg8 34. Rxf3 Qg5 35. Qf4 1-0

[Event "Politiken"]
[Site "Copenhagen DEN"]
[Date "1996.06.23"]
[Round "2"]
[White "Hutters, T"]
[Black "Bank, P"]
[Result "1-0"]
[WhiteElo "2435"]
[BlackElo "2230"]

1. Nf3 g6 2. d4 Bg7 3. g3 d6 4. Bg2 Bg4 5. h3 Bxf3 6. Bxf3 Nc6 7. e3 h5 8.
h4 e5 9. dxe5 Nxe5 10. Bxb7 Rb8 11. Bg2 Nh6 12. Qe2 O-O 13. O-O Re8 14. c3
Neg4 15. Nd2 d5 16. Rd1 c6 17. Nf1 Qc7 18. Qc2 Nf5 19. e4 dxe4 20. Bxe4 Rb5
21. a4 Rc5 22. Bf4 Qb6 23. Re1 Nd4 24. Qb1 Nb3 25. Ra3 Rc4 26. Be3 Rcxe4
27. Bxb6 Rxe1 28. Qc2 Na1 29. Rxa1 Rxa1 30. Bxa7 Ree1 31. Qd3 Rxf1+ 32.
Qxf1 Rxf1+ 33. Kxf1 Ne5 34. a5 Nc4 35. a6 Bf8 36. b4 Bd6 37. Bc5 1-0

[Event "Politiken"]
[Site "Copenhagen DEN"]
[Date "1996.06.23"]
[Round "2"]
[White "Christensen, Jo"]
[Black "Persson, R"]
[Result "1/2-1/2"]
[WhiteElo "2145"]
[BlackElo "2140"]

1. Nf3 Nf6 2. c4 e6 3. g3 d5 4. b3 d4 5. Bb2 Nc6 6. e3 e5 7. d3 dxe3 8.
fxe3 e4 9. Nd4 Bb4+ 10. Nd2 Ne5 11. a3 Bg4 12. Qb1 Bxd2+ 13. Kxd2 exd3 14.
Bg2 O-O 15. h3 Bd7 16. g4 Re8 17. Qf1 c5 18. Nf5 Bc6 19. Ng3 Qd6 20. g5
Nxc4+ 21. bxc4 Qxg3 22. Bxc6 Qxe3+ 23. Kd1 bxc6 24. gxf6 d2 25. Kc2 Rab8
26. Bc3 Rbd8 27. Rg1 Qe4+ 28. Kd1 Qe1+ 29. Kc2 Qe4+ 30. Kd1 1/2-1/2

[Event "Politiken"]
[Site "Copenhagen DEN"]
[Date "1996.06.23"]
[Round "2"]
[White "Liss, E"]
[Black "Hartung Nielsen, J"]
[Result "1-0"]
[WhiteElo "2480"]
[BlackElo "2260"]

1. e4 c5 2. Nf3 d6 3. d4 cxd4 4. Nxd4 Nf6 5. Nc3 g6 6. Be3 Bg7 7. f3 Nc6 8.
Qd2 O-O 9. O-O-O d5 10. Qe1 e6 11. h4 Qc7 12. h5 Nxh5 13. g4 Nxd4 14. Bxd4
Qf4+ 15. Be3 Qxf3 16. Rg1 d4 17. Bxd4 e5 18. Bc5 Bxg4 19. Rd3 Qf4+ 20. Be3
Qf6 21. Rxg4 Nf4 22. Rd2 h5 23. Rg1 Rfc8 24. Bb5 Rc7 25. Ba4 a6 26. Bb3 b5
27. Nd5 Nxd5 28. Bxd5 Rac8 29. Rf1 1-0

[Event "Politiken"]
[Site "Copenhagen DEN"]
[Date "1996.06.23"]
[Round "2"]
[White "Macieja, B"]
[Black "Lyrberg, P"]
[Result "0-1"]
[WhiteElo "2430"]
[BlackElo "2425"]

1. e4 c5 2. Nf3 Nc6 3. d4 cxd4 4. Nxd4 e6 5. Nc3 d6 6. g4 a6 7. Be3 Bd7 8.
h4 b5 9. a3 h6 10. Nxc6 Bxc6 11. g5 hxg5 12. Bxg5 Nf6 13. Qd4 Rb8 14. O-O-O
Qb6 15. Bxf6 gxf6 16. Qxf6 Rh6 17. Qd4 Qxd4 18. Rxd4 Ke7 19. Rd3 Bg7 20.
Be2 Be5 21. Bf3 b4 22. axb4 Rxb4 23. h5 a5 24. b3 Bb7 25. Kd2 Ba6 26. Ra1
Bxd3 27. Kxd3 Rf6 28. Be2 Rxf2 29. Rxa5 Rh2 30. Nd1 Rd4+ 31. Ke3 Rh3+ 32.
Kf2 Rd2 0-1

[Event "Politiken"]
[Site "Copenhagen DEN"]
[Date "1996.06.23"]
[Round "2"]
[White "Borbjerggaard, L"]
[Black "Dahl Pedersen, H"]
[Result "1-0"]
[WhiteElo "2185"]
[BlackElo "2185"]

1. d4 d5 2. c4 c6 3. Nc3 Nf6 4. Nf3 e6 5. e3 Nbd7 6. Qc2 a6 7. b3 Bb4 8. a3
Bxc3+ 9. Qxc3 Ne4 10. Qc2 O-O 11. Bd3 f5 12. Bb2 Ndf6 13. Ne5 Nd7 14. O-O-O
Nxe5 15. dxe5 Nc5 16. Bf1 Bd7 17. Bd4 b6 18. Kb2 Nb7 19. cxd5 cxd5 20. Rc1
Rc8 21. Qd2 Nc5 22. b4 Ne4 23. Rxc8 Qxc8 24. Qe1 Qb7 25. f3 Nc5 26. Ka2 Na4
27. Bd3 Rc8 28. Qd2 Bb5 29. Bxb5 axb5 30. Rc1 Rc4 31. Rxc4 bxc4 32. b5 c3
33. Qd3 Qc7 34. Kb1 Qe7 35. Ka2 Qc7 36. Kb3 Nc5+ 37. Bxc5 Qxc5 38. a4 c2
39. Qxc2 Qxe3+ 40. Qc3 Qe2 41. Qc8+ Kf7 42. Qc7+ Kf8 43. Qxb6 Qc4+ 44. Kb2
Qb4+ 45. Kc1 Qe1+ 46. Kc2 Qe2+ 47. Kc3 Qc4+ 48. Kd2 f4 49. g3 Qxa4 50. Qc5+
Kf7 51. b6 Qa2+ 52. Kc3 Qe2 53. Qc7+ Kg6 54. b7 d4+ 55. Kb4 Qb2+ 56. Kc5 d3
57. b8=Q Qc1+ 58. Kd6 1-0

[Event "Politiken"]
[Site "Copenhagen DEN"]
[Date "1996.06.23"]
[Round "2"]
[White "Ksieski, Z"]
[Black "Hodgson, Ju"]
[Result "0-1"]
[WhiteElo "2400"]
[BlackElo "2615"]

1. d4 d5 2. c4 c6 3. Nc3 Nf6 4. e3 a6 5. Nf3 b5 6. cxb5 cxb5 7. Ne5 e6 8.
Bd3 Nbd7 9. f4 Bb7 10. O-O Bd6 11. Bd2 O-O 12. a3 Ne4 13. Nxd7 Qxd7 14. Be1
Bc6 15. b4 Be7 16. Ra2 Rac8 17. Qb1 Qb7 18. Rc2 Nd6 19. Re2 f5 20. g4 Be8
21. gxf5 Nxf5 22. Nxd5 Qxd5 23. e4 Qd7 24. exf5 exf5 25. Bf2 Rc6 26. Rfe1
Rg6+ 27. Kf1 Bd6 28. Rxe8 Rxe8 29. Bxf5 Rxe1+ 30. Bxe1 Qf7 31. Bxg6 hxg6
32. Bg3 Qc4+ 33. Kg2 Qd5+ 34. Kh3 Kf7 35. Qd3 Qf5+ 36. Qxf5+ gxf5 37. d5
Bc7 38. Kh4 g6 39. Kg5 Kg7 40. Kh4 Kf6 41. Kh3 Kf7 42. Kh4 Bd8+ 43. Kh3 Bf6
44. Be1 Ke8 45. Bh4 Bb2 46. Be1 Kd7 47. Kh4 Bf6+ 48. Kg3 Kd6 0-1

[Event "Politiken"]
[Site "Copenhagen DEN"]
[Date "1996.06.23"]
[Round "2"]
[White "Wells, P"]
[Black "Aagaard, J"]
[Result "1-0"]
[WhiteElo "2495"]
[BlackElo "2290"]

1. d4 Nf6 2. Nf3 e6 3. c4 b6 4. a3 Bb7 5. Nc3 d5 6. Bg5 dxc4 7. e4 Be7 8.
Qc2 Nc6 9. Rd1 Na5 10. Ne5 O-O 11. Nxc4 Nxc4 12. Bxc4 c5 13. d5 exd5 14.
exd5 Bd6 15. Be2 Be5 16. O-O a6 17. Ne4 Bc8 18. d6 Ra7 19. Nxc5 Bxb2 20.
Ne4 Re8 21. Qxb2 Rxe4 22. Be3 Nd7 23. Bf3 Re5 24. Bd4 Rb5 25. Qe2 Nc5 26.
Bc6 Ra5 27. Rfe1 Ne6 28. Qe3 Qxd6 29. Bxb6 Qxc6 30. Rd8+ Nf8 31. Qe8 Qxe8
32. Rexe8 h6 33. Rxf8+ Kh7 34. Bxa5 1-0

[Event "Politiken"]
[Site "Copenhagen DEN"]
[Date "1996.06.23"]
[Round "2"]
[White "Andersen, OB"]
[Black "Varberg, K"]
[Result "1/2-1/2"]
[WhiteElo "2110"]
[BlackElo "2230"]

1. d4 d5 2. c4 c6 3. Nc3 Nf6 4. Nf3 dxc4 5. a4 Bf5 6. Ne5 Na6 7. f3 Nd7 8.
Nxc4 e5 9. e4 exd4 10. exf5 dxc3 11. Qe2+ Qe7 12. Nd6+ Kd8 13. Nxb7+ Kc7
14. Qxe7 Bxe7 15. Bxa6 Kb6 16. Bc4 Kxb7 17. Bxf7 Ne5 18. Be6 Nd3+ 19. Ke2
Nxc1+ 20. Raxc1 cxb2 21. Rc2 Bf6 22. Bd7 Rac8 23. Bxc8+ Rxc8 24. Rxb2+ Bxb2
25. Rb1 c5 26. Rxb2+ Kc6 27. a5 Re8+ 28. Kd3 Rd8+ 29. Kc3 Rd5 30. a6 Rxf5
31. Rb7 Rg5 32. g4 Rg6 33. Rxa7 Kb5 34. h3 h5 35. Rc7 Rxa6 36. Rb7+ Kc6 37.
Rxg7 Ra3+ 38. Kc4 Rxf3 39. Rg6+ Kd7 40. Rg7+ Ke6 41. gxh5 1/2-1/2

[Event "Politiken"]
[Site "Copenhagen DEN"]
[Date "1996.06.23"]
[Round "2"]
[White "Thorfinnsson, Bj"]
[Black "Sobjerg, E"]
[Result "1-0"]
[WhiteElo "2060"]
[BlackElo "2320"]

1. d4 g6 2. e4 Bg7 3. Be3 d6 4. c3 Nf6 5. Nd2 O-O 6. h3 Nbd7 7. Ngf3 e5 8.
dxe5 dxe5 9. Qc2 Qe7 10. O-O-O a5 11. Bd3 c6 12. c4 Nc5 13. Nb3 Nfd7 14.
Nxc5 Nxc5 15. Qc3 Re8 16. Bc2 f6 17. Nd2 Bf8 18. f3 Be6 19. g4 Na6 20. h4
b5 21. g5 Qf7 22. gxf6 bxc4 23. h5 gxh5 24. Qxe5 c3 25. Rxh5 cxb2+ 26. Kxb2
Rab8+ 27. Nb3 a4 28. Rg1+ Kh8 29. Rxh7+ Qxh7 30. f7+ Bg7 31. fxe8=Q+ Rxe8
32. Bd4 Re7 33. Rxg7 Rxg7 34. Qxe6 axb3 35. Bxb3 Qh2+ 36. Ka3 Nc7 37. Qg8+
1-0

[Event "Politiken"]
[Site "Copenhagen DEN"]
[Date "1996.06.23"]
[Round "2"]
[White "Brynell, S"]
[Black "Hansen, HeM"]
[Result "1-0"]
[WhiteElo "2445"]
[BlackElo "2110"]

1. e4 e5 2. Nf3 d6 3. d4 Nf6 4. Nc3 Nbd7 5. Bc4 Be7 6. O-O O-O 7. Qe2 exd4
8. Nxd4 Ne5 9. Bb3 c5 10. Nf5 Bxf5 11. exf5 Qd7 12. f4 Nc6 13. g4 d5 14. g5
c4 15. gxf6 Bxf6 16. Ba4 Qxf5 17. Qg2 Rfd8 18. Ne2 Rab8 19. Ng3 Qe6 20. c3
b5 21. Bc2 b4 22. f5 Qe7 23. Bf4 bxc3 24. Bxb8 cxb2 25. Rae1 Qc5+ 26. Kh1
Rxb8 27. Nh5 Bd4 28. Nxg7 1-0

[Event "Politiken"]
[Site "Copenhagen DEN"]
[Date "1996.06.23"]
[Round "2"]
[White "Costello, C"]
[Black "Johansen, Te"]
[Result "0-1"]
[WhiteElo "2070"]
[BlackElo "2375"]

1. c4 c6 2. Nf3 d5 3. b3 Nf6 4. Bb2 Nbd7 5. g3 g6 6. Bg2 Bg7 7. O-O O-O 8.
d3 Nb6 9. Nbd2 Be6 10. Rc1 Re8 11. Rc2 dxc4 12. bxc4 Qd7 13. Qa1 Na4 14.
Be5 Nc5 15. Rb1 Qc8 16. Nb3 Ncd7 17. Bc3 Nh5 18. Nfd4 Nf8 19. Nc5 Rb8 20.
Rcb2 b6 21. Na4 Bd7 22. Nc2 e5 23. Rb3 c5 24. Ra3 Bc6 25. Bb2 Bxg2 26. Kxg2
Qc6+ 27. Kg1 Ne6 28. Nc3 Nd4 29. Ne3 f5 30. Rc1 Rb7 31. Ncd5 e4 32. dxe4
fxe4 33. Qb1 Qe6 34. Re1 Rf7 35. Nd1 Bh6 36. Bxd4 cxd4 37. Qb5 Ref8 38. Qb2
Bg7 39. Qd2 Qh3 40. Rb3 e3 0-1

[Event "Politiken"]
[Site "Copenhagen DEN"]
[Date "1996.06.23"]
[Round "2"]
[White "Rossen, C"]
[Black "Tonning, E"]
[Result "0-1"]
[WhiteElo "2080"]
[BlackElo "2220"]

1. e4 e6 2. d4 d5 3. Nc3 Bb4 4. e5 c5 5. a3 Bxc3+ 6. bxc3 Ne7 7. Nf3 b6 8.
a4 Ba6 9. Bb5+ Bxb5 10. axb5 Qd7 11. Qe2 h6 12. dxc5 bxc5 13. Ba3 Qc7 14.
c4 Nd7 15. O-O O-O 16. cxd5 Nxd5 17. c4 Ne7 18. Qe4 Nb6 19. Bb2 Rfd8 20.
Rfd1 Rxd1+ 21. Rxd1 a6 22. Rd6 Nec8 23. Qd3 Nxd6 24. exd6 Qd8 25. Ne5 axb5
26. cxb5 Qg5 27. g3 Qf5 28. Qxf5 exf5 29. Kg2 f6 30. Nd3 c4 31. Nb4 Rd8 32.
Nc6 Rxd6 33. Ne7+ Kf7 34. Nxf5 Rd3 35. Ne3 c3 36. Ba3 Nd5 37. Kf1 Nxe3+ 38.
Ke2 Nc4 0-1

[Event "Politiken"]
[Site "Copenhagen DEN"]
[Date "1996.06.23"]
[Round "2"]
[White "Jelling, E"]
[Black "Molvig, H"]
[Result "1-0"]
[WhiteElo "2415"]
[BlackElo "2180"]

1. d4 Nf6 2. c4 g6 3. Nf3 Bg7 4. g3 O-O 5. Bg2 d6 6. O-O Nbd7 7. Nc3 e5 8.
h3 c6 9. e4 Qb6 10. d5 Nc5 11. Re1 cxd5 12. cxd5 Bd7 13. Bf1 a5 14. Nd2 Ne8
15. Nc4 Qd8 16. a4 f5 17. exf5 Bxf5 18. Be3 Rc8 19. Rc1 Rf7 20. Nb5 Bf8 21.
f4 Nd7 22. Bg2 exf4 23. Bxf4 Nc5 24. Rxe8 Qxe8 25. Nbxd6 Qxa4 26. Qxa4 Nxa4
27. Nxc8 Bxc8 28. Ne5 Bc5+ 29. Kh2 Rxf4 30. gxf4 Bf5 31. Kg3 Be3 32. Rc7
Nc5 33. Nc4 Bd4 34. d6 Be6 35. Ne5 Kf8 36. Rxh7 Bxb2 37. d7 Nxd7 38. Nxd7+
Ke8 39. Nc5 Bf7 40. Bxb7 Kf8 1-0

[Event "Politiken"]
[Site "Copenhagen DEN"]
[Date "1996.06.23"]
[Round "2"]
[White "Maksimenko, A"]
[Black "Wallace, JP"]
[Result "1-0"]
[WhiteElo "2545"]
[BlackElo "2370"]

1. d4 d5 2. c4 c6 3. Nc3 e6 4. Nf3 Nf6 5. Bg5 h6 6. Bxf6 Qxf6 7. e3 Nd7 8.
a3 g6 9. e4 dxc4 10. e5 Qd8 11. Bxc4 Bg7 12. Qe2 c5 13. d5 exd5 14. Nxd5
O-O 15. O-O-O Kh8 16. Nf4 Qc7 17. Bxf7 Rxf7 18. Nxg6+ Kh7 19. e6 Nf8 20. e7
Nxg6 21. e8=Q Qf4+ 22. Rd2 Re7 23. Qxg6+ Kxg6 24. Qxe7 Kh7 25. Qe3 Qf6 26.
Rhd1 Bf5 27. Ne5 c4 28. g4 c3 29. bxc3 Be6 30. a4 Kg8 31. Ng6 Qe7 1-0

[Event "Politiken"]
[Site "Copenhagen DEN"]
[Date "1996.06.23"]
[Round "2"]
[White "Jakobsen, O"]
[Black "Krasenkow, M"]
[Result "0-1"]
[WhiteElo "2390"]
[BlackElo "2610"]

1. d4 g6 2. c4 Bg7 3. e4 d6 4. Nc3 Nc6 5. Nge2 e5 6. Be3 exd4 7. Nxd4 Nge7
8. h4 h5 9. Qd2 Ne5 10. f3 a6 11. O-O-O c6 12. Nb3 Be6 13. Qxd6 Qxd6 14.
Rxd6 Bxc4 15. Na5 Bxf1 16. Rxf1 Nc8 17. Rdd1 b6 18. Nb3 O-O 19. Nd4 Na7 20.
f4 Nc4 21. Bg1 Nb5 22. e5 Nxc3 23. bxc3 c5 24. Nc6 Rfe8 25. Rd7 Bf8 26. g3
Rac8 27. Na7 Rcd8 28. Rxd8 Rxd8 29. Rd1 Rxd1+ 30. Kxd1 f6 31. exf6 Kf7 32.
Ke2 Kxf6 33. Kd3 b5 34. Nc6 Ke6 35. Nb8 Bd6 36. Nxa6 Kd5 37. Bf2 Nb2+ 38.
Kc2 Na4 39. Kd3 Kc6 40. c4 Nb2+ 41. Ke4 bxc4 42. Be1 Nd1 43. a3 c3 44. Kd3
Kb5 45. Nxc5 Bxc5 46. Kc2 Bf2 47. Bxf2 Nxf2 48. f5 gxf5 49. Kxc3 Kc5 50. a4
Ne4+ 51. Kd3 Nxg3 52. Ke3 Ne4 53. Kf4 Nd6 54. a5 Kb5 55. Kg5 Kxa5 56. Kxh5
Nf7 57. Kg6 f4 58. Kxf7 f3 59. h5 f2 60. Kg7 f1=Q 0-1

[Event "Politiken"]
[Site "Copenhagen DEN"]
[Date "1996.06.23"]
[Round "2"]
[White "Olsen, H"]
[Black "Henriksen, B"]
[Result "1-0"]
[WhiteElo "2325"]
[BlackElo "2080"]

1. d4 Nf6 2. Nf3 g6 3. c4 c5 4. e3 Bg7 5. Be2 O-O 6. O-O d5 7. Nc3 cxd4 8.
exd4 dxc4 9. Bxc4 Nc6 10. h3 Na5 11. Be2 Be6 12. Ne5 Nd7 13. Nxd7 Bxd7 14.
Bg5 h6 15. Be3 e6 16. Qd2 Nc6 17. Rfd1 Kh7 18. d5 exd5 19. Qxd5 Be6 20. Qb5
Qc7 21. Nd5 Bxd5 22. Rxd5 Rfd8 23. Rad1 Rxd5 24. Rxd5 Rd8 25. Rxd8 Nxd8 26.
Bxa7 Qc1+ 27. Kh2 Qxb2 28. Qxb2 Bxb2 29. Bb6 Be5+ 30. g3 Nc6 31. Bf3 Bd6
32. Bxc6 bxc6 33. a4 c5 34. Kg2 Kg7 35. a5 c4 1-0

[Event "Politiken"]
[Site "Copenhagen DEN"]
[Date "1996.06.23"]
[Round "2"]
[White "Nouro, M"]
[Black "Hansen, SuB"]
[Result "0-1"]
[WhiteElo "2275"]
[BlackElo "2495"]

1. e4 c5 2. Nf3 d6 3. d4 cxd4 4. Nxd4 Nf6 5. Nc3 g6 6. Be3 Bg7 7. f3 Nc6 8.
Qd2 O-O 9. g4 Be6 10. O-O-O Nxd4 11. Bxd4 Qa5 12. a3 Rab8 13. h4 b5 14. g5
Nh5 15. Bxg7 Kxg7 16. Nd5 Qxd2+ 17. Rxd2 Rb7 18. Bh3 Bxd5 19. exd5 f6 20.
Bg4 Nf4 21. Kb1 Rc7 22. Rd4 Rc4 23. Rxc4 bxc4 24. gxf6+ Rxf6 25. Rd1 Ng2
26. Rd4 Rf4 27. Rxf4 Nxf4 28. Kc1 Kf6 29. Kd2 Nxd5 30. b3 h5 31. Bh3 c3+
32. Ke1 g5 33. hxg5+ Kxg5 34. Kf2 Kf4 0-1

[Event "Politiken"]
[Site "Copenhagen DEN"]
[Date "1996.06.23"]
[Round "2"]
[White "Gulko, B"]
[Black "Rowson, J"]
[Result "1/2-1/2"]
[WhiteElo "2615"]
[BlackElo "2415"]

1. Nf3 d5 2. d4 Bf5 3. c4 e6 4. Nc3 c6 5. Qb3 Qb6 6. c5 Qc7 7. Bf4 Qc8 8.
e3 Nd7 9. Qd1 Ngf6 10. h3 Be7 11. Be2 Ne4 12. Nxe4 Bxe4 13. O-O O-O 14. b4
Re8 15. b5 Bxf3 16. Bxf3 cxb5 17. Qb3 a6 18. a4 bxa4 19. Rxa4 Qc6 20. Qa2
Bd8 21. Rb1 Bc7 22. Rab4 b5 23. cxb6 Bxb6 24. Bd1 a5 25. R4b2 a4 26. Rc2
Qb7 27. Rc7 Qxc7 28. Bxc7 Bxc7 29. Bxa4 Nf6 30. Rc1 Bd6 31. Qc2 Red8 32.
Bb5 g6 33. Be2 Kg7 34. Bf3 h5 35. g3 Ra7 36. Kg2 Rad7 37. Qa4 Bf8 38. Rc6
Rd6 39. Rxd6 Bxd6 40. Qc6 Bf8 41. Qc7 Rd7 42. Qb6 Ne8 43. Be2 Nd6 44. Ba6
Be7 45. g4 hxg4 46. hxg4 Rd8 47. Qc7 Kf8 48. f3 f5 49. Qb6 1/2-1/2

[Event "Politiken"]
[Site "Copenhagen DEN"]
[Date "1996.06.23"]
[Round "2"]
[White "Hellsten, J"]
[Black "Harestad, H"]
[Result "1-0"]
[WhiteElo "2475"]
[BlackElo "2145"]

1. d4 Nf6 2. c4 g6 3. Nc3 Bg7 4. e4 d6 5. Nf3 O-O 6. Be2 e5 7. d5 a5 8. Bg5
h6 9. Bh4 Na6 10. Nd2 Bd7 11. O-O Qe8 12. Kh1 Nh7 13. a3 Bf6 14. Bxf6 Nxf6
15. f4 exf4 16. Rxf4 Qe5 17. Rf1 Nc5 18. Qc2 Bg4 19. Rae1 Ncd7 20. c5 dxc5
21. Nc4 Qh5 22. e5 Bxe2 23. Qxe2 Qxe2 24. Rxe2 Ne8 25. Rd1 b6 26. g4 f6 27.
e6 Ne5 28. Nxe5 fxe5 29. Nb5 Rf4 30. Rxe5 Rd8 31. Kg2 Kg7 32. Kg3 g5 33. h4
Kf6 34. Rde1 Kg6 35. hxg5 hxg5 36. Rxg5+ Kxg5 37. Re5+ Kg6 38. Kxf4 Kf6 39.
Rf5+ Kg6 40. Rg5+ Kf6 41. Rf5+ Kg6 42. Rf8 1-0

[Event "Politiken"]
[Site "Copenhagen DEN"]
[Date "1996.06.23"]
[Round "2"]
[White "Rozentalis, E"]
[Black "Pedersen, St"]
[Result "1-0"]
[WhiteElo "2605"]
[BlackElo "2405"]

1. e4 e5 2. Nf3 d6 3. d4 Nf6 4. Nc3 Nbd7 5. Bc4 Be7 6. h3 c6 7. dxe5 dxe5
8. a4 O-O 9. Qe2 Bb4 10. O-O Qe7 11. Nd1 Bd6 12. Bg5 Nc5 13. Nd2 h6 14. Bh4
Ne6 15. Bxe6 Qxe6 16. Ne3 Re8 17. Rfd1 g6 18. Qf3 Nh5 19. Ng4 Kg7 20. Nc4
Bc7 21. b3 b6 22. Rd2 Ba6 23. Rad1 Bxc4 24. bxc4 Qxc4 25. Rd7 Rac8 26. Bf6+
Kh7 27. Bg5 hxg5 28. Rxf7+ Kh8 29. Rdd7 Bb8 30. Rh7+ Kg8 31. Nh6+ 1-0

[Event "Politiken"]
[Site "Copenhagen DEN"]
[Date "1996.06.24"]
[Round "3"]
[White "Tonning, E"]
[Black "Hoi, C"]
[Result "0-1"]
[WhiteElo "2220"]
[BlackElo "2435"]

1. e4 g6 2. d4 Bg7 3. Nc3 d6 4. f4 Nf6 5. Nf3 O-O 6. Bd3 Na6 7. O-O c5 8.
d5 Bg4 9. Be2 Nc7 10. h3 Bxf3 11. Bxf3 Nd7 12. e5 dxe5 13. d6 exd6 14. Qxd6
Ne6 15. Bxb7 Rb8 16. Bc6 Nb6 17. fxe5 Qh4 18. Rxf7 Qe1+ 0-1

[Event "Politiken"]
[Site "Copenhagen DEN"]
[Date "1996.06.24"]
[Round "3"]
[White "Fernandez Siles, L"]
[Black "Steingrimsson, H"]
[Result "0-1"]
[WhiteElo "2270"]
[BlackElo "2405"]

1. d4 Nf6 2. Bg5 e6 3. e4 h6 4. Bxf6 Qxf6 5. Nc3 d6 6. Qd2 a6 7. O-O-O Nc6
8. f4 g5 9. g3 gxf4 10. gxf4 Bd7 11. e5 dxe5 12. d5 Qxf4 13. Qxf4 exf4 14.
Bg2 Nd8 15. Nge2 e5 16. Rhe1 Be7 17. Nxf4 exf4 18. d6 cxd6 19. Nd5 Ne6 20.
Rd2 Bc6 21. c4 f3 22. Bh3 Bg5 0-1

[Event "Politiken"]
[Site "Copenhagen DEN"]
[Date "1996.06.24"]
[Round "3"]
[White "Salo, T"]
[Black "Gabrielsen, S"]
[Result "0-1"]
[WhiteElo "2310"]
[BlackElo "2175"]

1. Nf3 g6 2. c4 Bg7 3. d4 d6 4. g3 Nf6 5. Bg2 O-O 6. Nc3 c6 7. O-O Qa5 8.
h3 Be6 9. Qd3 Qa6 10. b3 d5 11. Ne5 Rd8 12. Bb2 dxc4 13. bxc4 Nbd7 14. f4
Nxe5 15. fxe5 Nd7 16. Qe3 Nb6 17. Qf4 Nxc4 18. Bc1 Qa5 19. Rf3 Nxe5 20.
dxe5 Bxe5 0-1

[Event "Politiken"]
[Site "Copenhagen DEN"]
[Date "1996.06.24"]
[Round "3"]
[White "Johansen, Te"]
[Black "Gulko, B"]
[Result "0-1"]
[WhiteElo "2375"]
[BlackElo "2615"]

1. d4 d6 2. c4 e5 3. Nf3 e4 4. Ng5 f5 5. Nc3 c6 6. d5 Be7 7. Nh3 Na6 8. e3
Bf6 9. Bd2 Nh6 10. Nf4 O-O 11. Be2 Bd7 12. O-O Qe7 13. Rc1 Be5 14. f3 g5
15. Nh3 exf3 16. gxf3 f4 17. Kg2 Nf5 18. Ng1 Nxe3+ 19. Bxe3 fxe3 20. Ne4
Qf7 21. Kh1 Qf4 22. Ng3 Rf6 23. Bd3 Rh6 0-1

[Event "Politiken"]
[Site "Copenhagen DEN"]
[Date "1996.06.24"]
[Round "3"]
[White "Tseshkovsky, V"]
[Black "Pyda, Z"]
[Result "1-0"]
[WhiteElo "2540"]
[BlackElo "2305"]

1. e4 c5 2. Nf3 Nc6 3. Nc3 Nf6 4. Bb5 g6 5. h3 d5 6. exd5 Nxd5 7. Ne4 Qb6
8. Bc4 Be6 9. O-O h6 10. Re1 O-O-O 11. d3 Bg7 12. Qe2 Kb8 13. Bd2 g5 14.
Nc3 Nxc3 15. Bxc3 Bxc3 16. bxc3 Bxc4 17. dxc4 Rd6 18. Ne5 Nxe5 19. Qxe5
Rhd8 20. Qxe7 Qc7 21. Qe4 Re6 22. Qf5 Qe7 23. Rxe6 Qxe6 24. Qxc5 Rc8 25.
Qa3 Rxc4 26. Rd1 a6 27. Qb3 Qc6 28. Rd3 f5 29. Qa3 Ka7 30. Qc1 f4 31. Rd2
Qc5 32. Kh2 Qe5 33. f3 Qc5 34. Qe1 Ra4 35. Rd7 Rxa2 36. Qb1 Qb5 37. Rxb7+
Kxb7 38. Qxa2 a5 39. Qb3 Kb6 40. c4 Qb4 41. Qd3 a4 42. c3 Qa5 43. Qd6+ Kb7
44. c5 Qb5 45. Qd5+ Qc6 46. Qc4 Kc7 47. Qb4 Qa6 48. Qd4 a3 49. Qe5+ Kd7 50.
Qd5+ Ke7 51. c6 a2 52. Qd7+ Kf6 53. c7 a1=Q 54. c8=Q Qxc8 55. Qxc8 Qe1 56.
Qd8+ Kf5 57. Qd5+ Kf6 58. Qd4+ Ke6 59. c4 Qg3+ 60. Kh1 Qe1+ 61. Qg1 Qc3 62.
Qb6+ Kd7 63. Qb7+ Kd6 64. Qd5+ Kc7 65. Qe4 Qf6 66. Kh2 Qd6 67. c5 Qxc5 68.
Qh7+ Kd8 69. Qxh6 Qf5 70. Qh5 Qf6 71. h4 gxh4 72. Kh3 Qe6+ 73. Kxh4 Qe1+
74. Kg5 Qd2 75. Qg4 Ke7 76. Kf5 Kd7 77. Ke5+ Kc7 78. Qg7+ Kc6 79. Qf6+ Kb5
80. Qg5 Kc6 81. Ke4 Qe3+ 82. Kf5 Qd2 83. g3 Qf2 84. Qxf4 Kd7 85. Kg5 Ke7
86. Qf6+ Ke8 87. g4 Qe3+ 88. f4 1-0

[Event "Politiken"]
[Site "Copenhagen DEN"]
[Date "1996.06.24"]
[Round "3"]
[White "Nielsen, JW"]
[Black "Wolski, T"]
[Result "0-1"]
[WhiteElo "2150"]
[BlackElo "2310"]

1. e4 c5 2. Nf3 d6 3. d4 cxd4 4. Nxd4 Nf6 5. Nc3 a6 6. f4 e5 7. Nf3 Nbd7 8.
a4 Be7 9. Bc4 Qa5 10. Bd5 Nxd5 11. Qxd5 Qc7 12. O-O Nf6 13. Qd3 Be6 14. b3
Rc8 15. fxe5 dxe5 16. Bb2 O-O 17. Rac1 Rfd8 18. Qe2 Bc5+ 19. Kh1 Bd4 20.
Nxd4 exd4 21. Nd1 Ng4 22. g3 Qe7 23. h3 Ne5 24. Nf2 Rc7 25. Rfd1 Rcd7 26.
Rd2 Qg5 27. Kg2 f5 28. exf5 Bd5+ 29. Ne4 Bxe4+ 0-1

[Event "Politiken"]
[Site "Copenhagen DEN"]
[Date "1996.06.24"]
[Round "3"]
[White "Molvig, H"]
[Black "Kristensen, L"]
[Result "1-0"]
[WhiteElo "2180"]
[BlackElo "2360"]

1. d4 c5 2. e4 cxd4 3. Nf3 e5 4. c3 dxc3 5. Nxc3 Nc6 6. Bc4 d6 7. O-O Be6
8. Bxe6 fxe6 9. Ng5 Qd7 10. Qg4 Nd4 11. Nxh7 O-O-O 12. Nxf8 Rxf8 13. Be3
Ne7 14. Rac1 Nec6 15. b4 Kb8 16. b5 Nb4 17. Qd1 Rxh2 18. Kxh2 Nf3+ 19. gxf3
Qf7 20. Rg1 Nd3 21. Qxd3 Qxf3 22. Bxa7+ 1-0

[Event "Politiken"]
[Site "Copenhagen DEN"]
[Date "1996.06.24"]
[Round "3"]
[White "Olsen, P"]
[Black "Brynell, S"]
[Result "0-1"]
[WhiteElo "2225"]
[BlackElo "2445"]

1. d4 e6 2. c4 Nf6 3. Nc3 Bb4 4. Qc2 c5 5. dxc5 Na6 6. a3 Bxc3+ 7. Qxc3
Nxc5 8. b4 Na4 9. Qb3 Ne4 10. Nf3 Qf6 11. Rb1 b5 12. cxb5 Nec3 13. Bg5 Qg6
14. Rc1 Bb7 15. Bd2 Bd5 16. Qc2 Qxc2 17. Rxc2 Nxb5 18. Bc1 Bb3 19. Rd2 Rc8
20. Bb2 Nxb2 21. Rxb2 Rc1+ 22. Kd2 Rd1+ 23. Ke3 Bd5 24. a4 Nd6 25. Kf4 f6
26. g4 g5+ 27. Kg3 Ne4+ 28. Kg2 h5 29. gxh5 g4 30. Ng1 Nd2+ 0-1